Southville International School and Colleges
Your cart is empty.
  • Cart
  • Lists
    Public lists Eva Luna New books Lux_list list_1
    Your lists Log in to create your own lists
  • Log in to your account
  • Your cookies
  • Search history
Southville International School and Colleges
  • Advanced search
  • Recent comments
  • Most popular
  • Libraries

Log in to your account

Log in with GOOGLE


If you do not have an external account, but do have a local account, you can still log in:

  1. Home
  2. MARC view: Sila :
Normal view MARC view ISBD view

Sila : (Record no. 1375)

[ view plain ]
MARC details
000 -LEADER
fixed length control field 00997nam a22003255a 4500
001 - CONTROL NUMBER
control field 12537963
003 - CONTROL NUMBER IDENTIFIER
control field OSt
005 - DATE AND TIME OF LATEST TRANSACTION
control field 20140310181707.0
008 - FIXED-LENGTH DATA ELEMENTS--GENERAL INFORMATION
fixed length control field 010313s2001 ph 000 1 tgl
010 ## - LIBRARY OF CONGRESS CONTROL NUMBER
LC control number 2001307468
020 ## - INTERNATIONAL STANDARD BOOK NUMBER
International Standard Book Number 9712710130
035 ## - SYSTEM CONTROL NUMBER
System control number (DLC) 200130746
037 ## - SOURCE OF ACQUISITION
Source of stock number/acquisition Library of Congress -- Jakarta Overseas Office
Terms of availability P95.00
040 ## - CATALOGING SOURCE
Original cataloging agency DLC
Transcribing agency DLC
042 ## - AUTHENTICATION CODE
Authentication code lcode
050 00 - LIBRARY OF CONGRESS CALL NUMBER
Classification number PL 6058.4
Item number .Ar668 2001
082 ## - DEWEY DECIMAL CLASSIFICATION NUMBER
Classification number FIL 899.2113
Item number Ar2 2001
100 1# - MAIN ENTRY--PERSONAL NAME
Personal name Arceo, Liwayway A.
245 10 - TITLE STATEMENT
Title Sila :
Remainder of title kalipunan ng maiikling katha /
Statement of responsibility, etc ni Liwayway A. Arceo.
260 ## - PUBLICATION, DISTRIBUTION, ETC. (IMPRINT)
Place of publication, distribution, etc [Pasig City, Philippines :
Name of publisher, distributor, etc Inilathala at ipinamamahagi ng Anvil Pub.,
Date of publication, distribution, etc c2001.
300 ## - PHYSICAL DESCRIPTION
Extent iii, 152 p. ;
Dimensions 18 cm.
500 ## - GENERAL NOTE
General note Short stories.
521 ## - TARGET AUDIENCE NOTE
Target audience note
541 ## - IMMEDIATE SOURCE OF ACQUISITION NOTE
-- 1
546 ## - LANGUAGE NOTE
Language note In Tagalog.
562 ## - COPY AND VERSION IDENTIFICATION NOTE
Number of copies 1
906 ## - LOCAL DATA ELEMENT F, LDF (RLIN)
a 7
b ibc
c origode
d 4
e ncip
f 20
g y-gencatlg
942 ## - ADDED ENTRY ELEMENTS (KOHA)
Source of classification or shelving scheme Library of Congress Classification
Koha item type
Call number prefix Filipininana
Holdings
Withdrawn status Lost status Source of classification or shelving scheme Damaged status Home library Current library Shelving location Date acquired Total Checkouts Full call number Barcode Date last seen Copy number Price effective from Koha item type
    Library of Congress Classification   Luxembourg Library Luxembourg Library Filipiniana Section 11/23/2012   PL 6058.4 .Ar688 2001 13744 08/13/2013 1 11/23/2012 Books

Sila :

APA

Arceo L. A., . (2001). Sila. [Pasig City, Philippines: Inilathala at ipinamamahagi ng Anvil Pub.

Chicago

Arceo Liwayway A, . 2001. Sila. [Pasig City, Philippines: Inilathala at ipinamamahagi ng Anvil Pub.

Harvard

Arceo L. A., . (2001). Sila. [Pasig City, Philippines: Inilathala at ipinamamahagi ng Anvil Pub.

MLA

Arceo Liwayway A, . Sila. [Pasig City, Philippines: Inilathala at ipinamamahagi ng Anvil Pub. 2001.

  • Place hold
  • Print
  • Cite
  • Add to your cart (remove)
  • Save record
    BIBTEX Dublin Core MARCXML MARC (non-Unicode/MARC-8) MARC (Unicode/UTF-8) MARC (Unicode/UTF-8, Standard) MODS (XML) RIS
  • More searches
    Search for this title in:
    Other Libraries (WorldCat) Other Databases (Google Scholar) Online Stores (Bookfinder.com) Open Library (openlibrary.org)

Exporting to Dublin Core...

SOUTHVILLE LIBRARY

Southville International School and Colleges Library

1281 Tropical Ave. Cor. Luxembourg St., BF Homes International, Las Pinas City

Tel. No. 8256374 / 252358 Loc. 117/146

Powered by Koha